000 00224nam a22000977a 4500
020 _a0130092924
050 _aQA 154.3.T46 2003
100 _aJOANNE THOMASSON
245 _aEXPERIENCING INTERMEDIATE ALGEBRA
942 _2lcc
_cGEN
999 _c12033
_d12033